Propuesta teológico liberadora de Francisco José de Jaca, en el siglo XVII, sobre la esclavitud negra

Guardat en:
Dades bibliogràfiques
Autor principal: Pena González, Miguel Anxo (Autor)
Format: Llibre
Idioma:espanyol
Publicat: Salamanca Universidad Pontificia de Salamanca 2001
Matèries:
Etiquetes: Afegir etiqueta
Sense etiquetes, Sigues el primer a etiquetar aquest registre!

MARC

LEADER 00000nam a2200000 a 4500
001 UCM2724
003 CL-VaPUC
008 020613e20010000SP |||||||||||||||||spa|d
082 0 4 |a 271.36  |b PEN  |2 21 
100 0 |a Pena González, Miguel Anxo  |e author  |9 469483 
245 1 0 |a Propuesta teológico liberadora de Francisco José de Jaca, en el siglo XVII, sobre la esclavitud negra 
300 |a 122 p 
942 |c BK 
945 |d 20020613 00:00:00  |a cmena 
260 |a Salamanca  |b Universidad Pontificia de Salamanca  |c 2001 
500 |a Extracto de la tesis presentada para la obtención del grado de Doctor 
600 0 7 |a JACA, FRANCISCO JOSE DE  |2 CL-VaPUC  |9 469484 
650 7 |a CAPUCHINOS  |2 CL-VaPUC  |9 404279 
650 7 |a EVANGELIZACION  |2 CL-VaPUC  |9 469485 
650 0 |a Filosofía cristiana   |9 265980 
650 0 |a Esclavitud  |9 323605 
650 7 |a MISIONES RELIGIOSAS  |2 CL-VaPUC  |9 393449 
583 |a last modification  |c 20020613 00:00:00  |k Rodrigo Vera 
999 |c 300445  |d 300443 
952 |0 0  |1 0  |4 0  |6 271_360000000000000_PEN_2001  |7 0  |8 A  |9 358227  |a BIBTEO  |b BIBTEO  |d 2019-11-21  |i 3819108  |o 271.36 PEN 2001  |p 3819108  |r 2025-01-17  |w 2019-11-21  |y BK  |k ICR 
952 |0 0  |1 0  |4 0  |6 271_360000000000000_PEN_2001  |7 0  |8 A  |9 358228  |a BIBTEO  |b BIBTEO  |d 2019-11-21  |i 3819116  |o 271.36 PEN 2001  |p 3819116  |r 2025-01-17  |w 2019-11-21  |y BK  |k ICR